| 000 | 00754nam a22002177a 4500 | ||
|---|---|---|---|
| 005 | 20141128151800.0 | ||
| 010 | _aENG-111248 | ||
| 020 |
_a9788125056157 _c950.00 |
||
| 035 | _aEN-94780 | ||
| 037 | _bDBAD/PUB | ||
| 082 | _a301.153 | ||
| 245 |
_aBeloved Bapu : _cedited and introduced by Tridip Suhrud [and] Thomas Weber _bthe Gandhi-Mirabehn correspondence / |
||
| 260 |
_aNew Delhi _bOrient Blackswan _c2014 |
||
| 270 |
_a1/24, Asaf Ali Road _bNew Delhi _e110002 |
||
| 300 |
_axiv,537p. _c24cm(Hb) |
||
| 490 | _aGandhi studies ; edited by Ashis Nandy, Tridip Suhrud [and] Thomas Weber | ||
| 500 | _aIncludes bibliographical references | ||
| 700 | _aSuhrud, Tridip | ||
| 700 | _aWeber, Thomas | ||
| 942 |
_2ddc _cEN _mBEL _h301.153 |
||
| 999 |
_c90084 _d90084 |
||